Amrerican addresses with lecture on the study of biology (Record no. 552617)

000 -LEADER
fixed length control field 00387nam a22001337a 4500
082 ## - DEWEY DECIMAL CLASSIFICATION NUMBER
Classification number 590
Author Mark HUX
100 ## - MAIN ENTRY--PERSONAL NAME
Personal name Huxley, Thomas H.
9 (RLIN) 49874
245 ## - TITLE STATEMENT
Title Amrerican addresses with lecture on the study of biology
Statement of responsibility, etc. Thomas H.Huxley,
260 ## - PUBLICATION, DISTRIBUTION, ETC.
Place of publication, distribution, etc. New York
Name of publisher, distributor, etc. Macmillan and Co.
Date of publication, distribution, etc. 1986
300 ## - PHYSICAL DESCRIPTION
Extent 164 p,:
526 ## - STUDY PROGRAM INFORMATION NOTE
Program name 0
Interest level 0
Reading level 0
Title point value 590_000000000000000_HUX
650 ## - SUBJECT ADDED ENTRY--TOPICAL TERM
Topical term or geographic name entry element MCE
9 (RLIN) 379
942 ## - ADDED ENTRY ELEMENTS (KOHA)
Source of classification or shelving scheme
Koha item type Book
Holdings
Withdrawn status Lost status Source of classification or shelving scheme Damaged status Not for loan Permanent Location Current Location Shelving location Date acquired Total Checkouts Full call number Barcode Date last seen Price effective from Koha item type
          Military College of Engineering (MCE) Military College of Engineering (MCE)   01/20/2015   590 HUX MCE-ECA/27 01/20/2015 01/20/2015 Book
© 2023 Central Library, National University of Sciences and Technology. All Rights Reserved.